[Event "Commonwealth-ch"]
[Site "Nagpur"]
[Date "2008.10.06"]
[Round "11"]
[White "Majumdar, Chandrasish"]
[Black "Soman, Satchidanand"]
[Result "1-0"]
[WhiteElo "2050"]
[BlackElo "2251"]
[PlyCount "105"]
[EventDate "2008.09.28"]
[EventType "swiss"]
[EventRounds "11"]
[EventCountry "IND"]
[SourceTitle "CBM 126 Extra"]
[Source "ChessBase"]
[SourceDate "2008.11.05"]
[SourceVersion "1"]
[SourceVersionDate "2008.11.05"]
[SourceQuality "1"]

1. e4 g6 2. d4 Bg7 3. Nc3 c6 4. Nf3 d5 5. h3 Nh6 6. Bf4 f6 7. exd5 cxd5 8. Nb5 Na6 9. c4 Nf7 10. cxd5 Qxd5 11. Nc3 Qe6+ 12. Be3 0-0 13. Nd2 Qd6 14. Bc4 e6 15. 0-0 Nc7 16. Nde4 Qd8 17. d5 exd5 18. Nxd5 Ne6 19. Qb3 f5 20. Nc5 Kh8 21. Rad1 Qa5 22. Nxe6 Bxe6 23. Bd2 Qd8 24. Bb4 Ne5 25. Ne3 Nxc4 26. Rxd8 Rfxd8 27. Nxc4 b5 28. Bc3 Bxc4 29. Bxg7+ Kxg7 30. Qc3+ Kg8 31. Re1 Rd7 32. b3 Bd3 33. Qc6 Rad8 34. Re8+ Rxe8 35. Qxd7 Re1+ 36. Kh2 Bf1 37. Qxa7 Re8 38. Qd7 Re1 39. Qd2 Re7 40. Kg1 Be2 41. f3 b4 42. Qxb4 Kf7 43. a4 g5 44. a5 h5 45. Qc5 Kf6 46. Qd4+ Kf7 47. Qd5+ Kf6 48. b4 g4 49. hxg4 hxg4 50. Qd4+ Kf7 51. Qf4 Kf6 52. fxg4 Bxg4 53. Qd6+ 1-0

[Event "Commonwealth-ch"]
[Site "Nagpur"]
[Date "2008.10.03"]
[Round "8"]
[White "Soman, Satchidanand"]
[Black "Mas, Hafizulhelmi"]
[Result "0-1"]
[WhiteElo "2251"]
[BlackElo "2386"]
[PlyCount "80"]
[EventDate "2008.09.28"]
[EventType "swiss"]
[EventRounds "11"]
[EventCountry "IND"]
[SourceTitle "CBM 126 Extra"]
[Source "ChessBase"]
[SourceDate "2008.11.05"]
[SourceVersion "1"]
[SourceVersionDate "2008.11.05"]
[SourceQuality "1"]

1. d4 Nf6 2. Nf3 e6 3. Bg5 c5 4. e3 Qb6 5. Qc1 Nc6 6. c3 d5 7. Nbd2 h6 8. Bh4 g5 9. Bg3 Nh5 10. Be2 Nxg3 11. hxg3 Bg7 12. g4 e5 13. Nxe5 Nxe5 14. dxe5 Bxe5 15. e4 dxe4 16. Nxe4 Bf4 17. Qc2 Be6 18. Rd1 Ke7 19. b3 Rad8 20. Rxd8 Kxd8 21. g3 Be5 22. Rf1 f5 23. f4 Bg7 24. Nd2 fxg4 25. f5 Bd7 26. Ne4 Re8 27. f6 Bf8 28. f7 Re7 29. Qd3 c4 30. bxc4 Qg6 31. Nc5 Qxd3 32. Nxd3 h5 33. Rh1 h4 34. gxh4 Bc6 35. Rg1 Bf3 36. Nc1 gxh4 37. Kd2 Bh6+ 38. Kd3 Rxf7 39. Nb3 h3 40. Bxf3 Rxf3+ 0-1

[Event "Commonwealth-ch"]
[Site "Nagpur"]
[Date "2008.09.30"]
[Round "3"]
[White "Venkatesh, Marani Rajendran"]
[Black "Soman, Satchidanand"]
[Result "1-0"]
[WhiteElo "2462"]
[BlackElo "2251"]
[PlyCount "81"]
[EventDate "2008.09.28"]
[EventType "swiss"]
[EventRounds "11"]
[EventCountry "IND"]
[SourceTitle "CBM 126 Extra"]
[Source "ChessBase"]
[SourceDate "2008.11.05"]
[SourceVersion "1"]
[SourceVersionDate "2008.11.05"]
[SourceQuality "1"]

1. e4 g6 2. d4 Bg7 3. Nf3 c6 4. Be2 d5 5. e5 Nh6 6. Bf4 f6 7. h4 Nf7 8. Qd2 fxe5 9. Nxe5 Nd7 10. Nxf7 Kxf7 11. Nc3 Nf6 12. h5 Rg8 13. hxg6+ hxg6 14. Be5 Be6 15. Qg5 Qd7 16. g4 Rh8 17. 0-0-0 Rag8 18. f3 Kf8 19. Bd3 Bf7 20. Ne2 Nh7 21. Qe3 Nf6 22. Nf4 g5 23. Ng6+ Bxg6 24. Bxg6 Bh6 25. Bf5 Qe8 26. Qa3 Bg7 27. Rhe1 Nd7 28. Bd6 Bf6 29. Qxa7 Qd8 30. Bb4 Qc7 31. Qa3 Nb8 32. Re6 Rh6 33. Rde1 Rg7 34. Bd6 exd6 35. Re8+ Kf7 36. Qe3 Be5 37. dxe5 dxe5 38. Rxe5 Qd6 39. Re7+ Kf8 40. Re8+ Kf7 41. Rc8 1-0

[Event "IND-chB 45th"]
[Site "Dindigul"]
[Date "2007.06.14"]
[Round "5"]
[White "Singh, DP."]
[Black "Soman, Satchidanand"]
[Result "0-1"]
[WhiteElo "2466"]
[BlackElo "2283"]
[PlyCount "82"]
[EventDate "2007.06.11"]
[EventType "swiss"]
[EventRounds "12"]
[EventCountry "IND"]
[SourceTitle "CBM 119 Extra"]
[Source "ChessBase"]
[SourceDate "2007.09.04"]
[SourceVersion "1"]
[SourceVersionDate "2007.09.04"]
[SourceQuality "1"]

1. d4 f5 2. c4 Nf6 3. g3 g6 4. Bg2 Bg7 5. Nf3 0-0 6. b4 Ne4 7. 0-0 d6 8. Bb2 c5 9. Nbd2 Nc6 10. b5 Na5 11. Rc1 a6 12. Nxe4 fxe4 13. Nd2 axb5 14. cxb5 cxd4 15. Nxe4 Qb6 16. a4 h6 17. Qc2 Bg4 18. h3 Rac8 19. Qd3 Be6 20. Nd2 Bf7 21. Nf3 e5 22. Nh4 d5 23. e4 dxe3 24. Bxd5 exf2+ 25. Kg2 Rcd8 26. Bxf7+ Rxf7 27. Qe4 Nb3 28. Rc2 Nd2 29. Rxd2 Rxd2 30. Bxe5 Bxe5 31. Qxe5 Qd6 32. Qe4 Kg7 33. Nf3 Ra2 34. Rxf2 Rxf2+ 35. Kxf2 Re7 36. Qc4 Qb6+ 37. Kg2 Qe3 38. Qd4+ Qxd4 39. Nxd4 Re4 40. Nb3 b6 41. a5 Rb4 0-1

[Event "IND-ch"]
[Site "Mumbai"]
[Date "2003.01.31"]
[Round "21"]
[White "Soman, Satchidanand"]
[Black "Sundararajan, Kidambi"]
[Result "0-1"]
[WhiteElo "2364"]
[BlackElo "2416"]
[PlyCount "144"]
[EventDate "2003.01.18"]
[EventType "tourn"]
[EventRounds "21"]
[EventCountry "IND"]
[EventCategory "8"]
[SourceTitle "CBM 094"]
[Source "ChessBase"]
[SourceDate "2003.05.26"]
[SourceVersion "1"]
[SourceVersionDate "2003.05.26"]
[SourceQuality "1"]

1. d4 Nf6 2. Nf3 d5 3. Bf4 c5 4. e3 Qb6 5. Nc3 c4 6. Qc1 Bf5 7. Be2 Nc6 8. a3 h6 9. Ne5 e6 10. 0-0 Be7 11. h3 0-0 12. Rb1 Nxe5 13. Bxe5 Qa5 14. f3 b5 15. Ra1 Qb6 16. Kh1 a5 17. a4 b4 18. Nb5 Rac8 19. c3 Nd7 20. Qd2 Bg6 21. Bg3 Ra8 22. e4 Qc6 23. exd5 exd5 24. Rfe1 Rfe8 25. Bf4 Bd8 26. Bf1 Rxe1 27. Qxe1 b3 28. Qe8+ Kh7 29. g3 Bf6 30. Qe3 Nb6 31. Nc7 Rc8 32. Nb5 Re8 33. Qd2 Nxa4 34. Nc7 Rd8 35. h4 Be7 36. Bg2 Rd7 37. Kh2 Bd8 38. Na6 Qxa6 39. Rxa4 Qb5 40. Ra1 a4 41. Qf2 Be7 42. Bc1 Rb7 43. f4 Bc2 44. h5 f5 45. Kh3 Bf8 46. Qe2 Re7 47. Qf2 Bd1 48. Bf3 Bxf3 49. Qxf3 Qd7 50. Bd2 Re4 51. Kg2 a3 52. bxa3 b2 53. Rb1 Bxa3 54. Qd1 Re8 55. Kf2 Qe6 56. Qf3 Kg8 57. Rg1 Qe4 58. Qxe4 Rxe4 59. Rb1 Kf7 60. Be3 Ke6 61. Bd2 Kd7 62. Be3 Kc6 63. Bd2 Re8 64. Be3 Rb8 65. Ke2 Kb5 66. Kd1 Ka4 67. Kc2 Re8 68. Re1 b1Q+ 69. Rxb1 Rxe3 70. Rb7 Re2+ 71. Kd1 Rg2 72. Rxg7 Kb3 0-1

[Event "IND-ch"]
[Site "Mumbai"]
[Date "2003.01.28"]
[Round "16"]
[White "Soman, Satchidanand"]
[Black "Prakash, GB."]
[Result "0-1"]
[WhiteElo "2364"]
[BlackElo "2439"]
[PlyCount "85"]
[EventDate "2003.01.18"]
[EventType "tourn"]
[EventRounds "21"]
[EventCountry "IND"]
[EventCategory "8"]
[SourceTitle "CBM 094"]
[Source "ChessBase"]
[SourceDate "2003.05.26"]
[SourceVersion "1"]
[SourceVersionDate "2003.05.26"]
[SourceQuality "1"]

1. d4 e6 2. Nf3 Nf6 3. Bg5 c5 4. e4 Qb6 5. Nbd2 cxd4 6. e5 Nd5 7. Nc4 Qc7 8. Nxd4 a6 9. a4 h6 10. Bc1 Nc6 11. Nxc6 Qxc6 12. Be2 b6 13. Nd6+ Bxd6 14. exd6 Bb7 15. Bf3 Qxd6 16. 0-0 Qc7 17. Qd4 0-0 18. Ra3 f6 19. Be4 Ne7 20. Rc3 Bc6 21. Qd1 Rf7 22. Re1 f5 23. Bf3 Rc8 24. Bh5 Rf6 25. Qd4 f4 26. Bf3 Qb7 27. Bxc6 Nxc6 28. Qd6 Rcf8 29. Rd3 R8f7 30. b3 b5 31. axb5 axb5 32. Bb2 Rf5 33. f3 Qa7+ 34. Kf1 Qa2 35. Qa3 Qxa3 36. Bxa3 b4 37. Bb2 Kf8 38. Ra1 Ke7 39. Rdd1 g5 40. Ke2 Ra5 41. Bd4 Rff5 42. Kd3 Rfd5 43. Ke4 0-1

[Event "Asia Cities-ch 12th"]
[Site "Beirut"]
[Date "2000.03.21"]
[Round "5"]
[White "Soman, Satchidanand"]
[Black "Saad, Al Sarsam"]
[Result "1-0"]
[WhiteElo "2279"]
[BlackElo "2439"]
[PlyCount "47"]
[EventDate "2000.03.19"]
[EventType "team-swiss"]
[EventRounds "9"]
[EventCountry "LBN"]
[SourceTitle "EXT 2020"]
[Source "ChessBase"]
[SourceDate "2019.10.17"]
[SourceVersion "1"]
[SourceVersionDate "2019.10.17"]
[SourceQuality "1"]
[WhiteTeam "Nagpur"]
[BlackTeam "Baghdad"]
[WhiteTeamCountry "IND"]
[BlackTeamCountry "IRQ"]

1. d4 Nf6 2. Nf3 c5 3. e3 e6 4. c4 d5 5. Nc3 Nc6 6. cxd5 exd5 7. Bd3 a6 8. 0-0 c4 9. Bc2 Bb4 10. e4 Bxc3 11. bxc3 dxe4 12. Ng5 0-0 13. Nxe4 Bf5 14. f3 Qd5 15. Nxf6+ gxf6 16. Be4 Qd7 17. Qe1 Bg6 18. Bh6 Rfe8 19. Qh4 Qd8 20. Rae1 Rc8 21. Qg3 Qd7 22. h4 Qc7 23. Qxc7 Rxc7 24. Bxc6 1-0

[Event "Asia Cities-ch 12th"]
[Site "Beirut"]
[Date "2000.03.20"]
[Round "3"]
[White "Soman, Satchidanand"]
[Black "Sharavdorj, Dashzeveg"]
[Result "0-1"]
[WhiteElo "2279"]
[BlackElo "2473"]
[PlyCount "103"]
[EventDate "2000.03.19"]
[EventType "team-swiss"]
[EventRounds "9"]
[EventCountry "LBN"]
[SourceTitle "EXT 2020"]
[Source "ChessBase"]
[SourceDate "2019.10.17"]
[SourceVersion "1"]
[SourceVersionDate "2019.10.17"]
[SourceQuality "1"]
[WhiteTeam "Nagpur"]
[BlackTeam "Ulaanbaatar"]
[WhiteTeamCountry "IND"]
[BlackTeamCountry "MGL"]

1. d4 Nf6 2. Nf3 e6 3. Bf4 c5 4. e3 Qb6 5. Qc1 Nc6 6. c3 d5 7. Nbd2 Bd7 8. Bd3 Rc8 9. Qb1 Nh5 10. Be5 cxd4 11. exd4 Nxe5 12. Nxe5 Nf6 13. Nxd7 Nxd7 14. 0-0 g6 15. Nf3 Bg7 16. Qc2 0-0 17. Qb3 Qd6 18. Rfe1 Rb8 19. a4 Rfc8 20. Qd1 a6 21. Qe2 Nb6 22. Ne5 Bxe5 23. Qxe5 Qxe5 24. Rxe5 Kf8 25. a5 Nc4 26. Bxc4 Rxc4 27. Re3 b5 28. axb6 Rxb6 29. b4 Rbc6 30. Ra3 Rxd4 31. g3 Rd1+ 32. Kg2 Ke7 33. Ra5 Kd6 34. h4 Rc1 35. Ra3 h5 36. Rd3 Rb1 37. Kh2 Rb2 38. Kg2 f5 39. Kf1 Ke7 40. Kg2 Kf6 41. Kf1 Rc2 42. Kg2 Rd6 43. Ra5 Rc6 44. Ra3 Rb2 45. Kf1 Ke7 46. Kg2 Kd6 47. Kf1 e5 48. Ra5 d4 49. cxd4 e4 50. Rd1 Rbc2 51. Rxa6 Kd7 52. Ra3 0-1

[Event "Goodricke op 09th"]
[Site "Kolkata"]
[Date "1998.02.07"]
[Round "2"]
[White "Sasikiran, Krishnan"]
[Black "Soman, Satchidanand"]
[Result "1-0"]
[WhiteElo "2470"]
[BlackElo "2320"]
[PlyCount "75"]
[EventDate "1998.02.06"]
[EventType "swiss"]
[EventRounds "11"]
[EventCountry "IND"]
[SourceTitle "CBM 062 Extra"]
[Source "ChessBase"]
[SourceDate "1998.03.09"]
[SourceVersion "1"]
[SourceVersionDate "1998.03.09"]
[SourceQuality "1"]

1. d4 f5 2. g3 Nf6 3. Bg2 g6 4. Nf3 Bg7 5. 0-0 0-0 6. b3 Ne4 7. Bb2 c5 8. c4 Nc6 9. e3 e6 10. Nc3 d5 11. cxd5 exd5 12. Rc1 cxd4 13. Nxd4 Nxd4 14. exd4 b6 15. Qd3 Nxc3 16. Bxc3 Bb7 17. Bd2 Qd7 18. Bf4 Rac8 19. h4 Rfe8 20. Rxc8 Rxc8 21. Re1 Re8 22. Be5 Bh6 23. h5 Kf7 24. Qf3 Kg8 25. Bh3 Qf7 26. Qd3 Bc8 27. hxg6 hxg6 28. Re2 Bb7 29. Re1 Rc8 30. g4 fxg4 31. Bxg4 Rf8 32. Rf1 Bg7 33. Qh3 Re8 34. f4 Qe7 35. Bd7 Bxe5 36. fxe5 Qg5+ 37. Kh1 Rf8 38. Rg1 1-0

[Event "Goodricke op 09th"]
[Site "Kolkata"]
[Date "1998.02.06"]
[Round "1"]
[White "Soman, Satchidanand"]
[Black "Thipsay, Praveen Mahadeo"]
[Result "1/2-1/2"]
[WhiteElo "2320"]
[BlackElo "2515"]
[PlyCount "40"]
[EventDate "1998.02.06"]
[EventType "swiss"]
[EventRounds "11"]
[EventCountry "IND"]
[SourceTitle "CBM 062 Extra"]
[Source "ChessBase"]
[SourceDate "1998.03.09"]
[SourceVersion "1"]
[SourceVersionDate "1998.03.09"]
[SourceQuality "1"]

1. d4 Nf6 2. c4 g6 3. Nc3 Bg7 4. e4 d6 5. Be2 0-0 6. Nf3 Na6 7. 0-0 e5 8. Re1 c6 9. Bf1 exd4 10. Nxd4 Ng4 11. h3 Qb6 12. hxg4 Qxd4 13. Be3 Qxd1 14. Raxd1 Bxg4 15. Rxd6 Rfe8 16. f3 Be6 17. Rd2 b6 18. Kf2 Nc5 19. Red1 Nb7 20. Bd4 Rad8 1/2-1/2

[Event "Goodricke op 08th"]
[Site "Kolkata"]
[Date "1997.??.??"]
[Round "1"]
[White "Soman, Satchidanand"]
[Black "Davies, Nigel Rodney"]
[Result "1-0"]
[WhiteElo "2320"]
[BlackElo "2505"]
[PlyCount "77"]
[EventDate "1997.02.??"]
[EventType "swiss"]
[EventRounds "11"]
[EventCountry "IND"]
[SourceTitle "CBM 056 Extra"]
[Source "ChessBase"]
[SourceDate "1997.03.01"]
[SourceVersion "1"]
[SourceVersionDate "1997.03.01"]
[SourceQuality "1"]

1. d4 g6 2. Nf3 Bg7 3. e4 c5 4. dxc5 Qa5+ 5. c3 Qxc5 6. Bd3 d6 7. 0-0 Nf6 8. h3 Nbd7 9. Qe2 0-0 10. Re1 b6 11. Bd2 Nh5 12. Na3 Bb7 13. Rac1 Rad8 14. b4 Qc8 15. Nb5 a6 16. Nbd4 Qa8 17. g4 Nhf6 18. c4 e6 19. Bg5 Rde8 20. Qc2 h5 21. gxh5 Nxh5 22. Nb3 f5 23. Nh4 Bf6 24. Bxf6 Rxf6 25. exf5 gxf5 26. Qd2 Kh8 27. Be2 Rg8+ 28. Kh2 Qe8 29. Rg1 Rxg1 30. Rxg1 f4 31. Qxd6 Ng7 32. Rd1 f3 33. Bf1 Qh5 34. Qxd7 Qxh4 35. Qd8+ Kh7 36. Bd3+ Be4 37. Bxe4+ Qxe4 38. Qxf6 Qe2 39. Qh4+ 1-0

[Event "Goodricke op 07th"]
[Site "Kolkata"]
[Date "1996.??.??"]
[Round "4"]
[White "Mahmoud, Pe"]
[Black "Soman, Satchidanand"]
[Result "1/2-1/2"]
[WhiteElo "2220"]
[BlackElo "2320"]
[PlyCount "84"]
[EventDate "1996.02.??"]
[EventType "swiss"]
[EventRounds "11"]
[EventCountry "IND"]
[SourceTitle "CBM 050 Extra"]
[Source "ChessBase"]
[SourceDate "1996.03.01"]
[SourceVersion "1"]
[SourceVersionDate "1996.03.01"]
[SourceQuality "1"]

1. d4 f5 2. g3 Nf6 3. Bg2 g6 4. c4 Bg7 5. Nc3 0-0 6. Nf3 d6 7. d5 c6 8. 0-0 e5 9. dxe6 Bxe6 10. Qd3 Na6 11. Ng5 Bc8 12. Bf4 Ne8 13. Rad1 Qe7 14. h4 Be5 15. Qd2 Nc5 16. Nf3 Bxf4 17. Qxf4 a5 18. Ng5 Qe5 19. Qxe5 dxe5 20. Rd8 Nf6 21. Rfd1 Be6 22. Rxa8 Rxa8 23. Rd6 Re8 24. e4 fxe4 25. Nxe6 Rxe6 26. Rxe6 Nxe6 27. Nxe4 Nxe4 28. Bxe4 Nc5 29. Bc2 b5 30. cxb5 cxb5 31. f3 b4 32. Kf2 Kf7 33. Ke3 Kf6 34. f4 h6 35. fxe5+ Kxe5 36. Bxg6 Na4 37. b3 Nc3 38. Bc2 Nxa2 39. g4 Nc3 40. g5 hxg5 41. hxg5 a4 42. bxa4 Nxa4 1/2-1/2

[Event "Goodricke op 07th"]
[Site "Kolkata"]
[Date "1996.??.??"]
[Round "9"]
[White "Soman, Satchidanand"]
[Black "Ramesh, Ramachandran B"]
[Result "1/2-1/2"]
[WhiteElo "2320"]
[BlackElo "2415"]
[PlyCount "102"]
[EventDate "1996.02.??"]
[EventType "swiss"]
[EventRounds "11"]
[EventCountry "IND"]
[SourceTitle "CBM 050 Extra"]
[Source "ChessBase"]
[SourceDate "1996.03.01"]
[SourceVersion "1"]
[SourceVersionDate "1996.03.01"]
[SourceQuality "1"]

1. d4 Nf6 2. c4 e6 3. Nc3 Bb4 4. e3 c5 5. a3 Bxc3+ 6. bxc3 b6 7. Bd3 0-0 8. Ne2 Ba6 9. 0-0 Nc6 10. e4 Ne8 11. f4 f5 12. Be3 fxe4 13. Bxe4 Nd6 14. Bxc6 dxc6 15. dxc5 Nxc4 16. Bf2 Qe8 17. Qc2 Rd8 18. Rfd1 Rxd1+ 19. Rxd1 Nxa3 20. Qa2 Bxe2 21. Qxe2 Nb5 22. Qd3 Nc7 23. cxb6 axb6 24. c4 Na8 25. Qe4 b5 26. Rd6 bxc4 27. Rxe6 Qd7 28. Qxc4 Qd1+ 29. Re1+ Qd5 30. Rc1 Qxc4 31. Rxc4 Rf6 32. g4 g6 33. g5 Re6 34. Rd4 Nc7 35. Kg2 Nd5 36. Kf3 Kf7 37. Ra4 Re7 38. Ra6 Rc7 39. Bd4 Ke6 40. Be5 Rb7 41. Rxc6+ Kf5 42. Rc4 Rb3+ 43. Kf2 Ne3 44. Rc7 Ng4+ 45. Kg2 Nxe5 46. fxe5 Kxg5 47. Rxh7 Kf5 48. Re7 Re3 49. Rf7+ Ke6 50. Rf6+ Kxe5 51. Rxg6 Re4 1/2-1/2

[Event "IND-ch"]
[Site "India"]
[Date "1994.??.??"]
[Round "10"]
[White "Soman, Satchidanand"]
[Black "Hegde, Ravi Gopal"]
[Result "1/2-1/2"]
[WhiteElo "2320"]
[BlackElo "2380"]
[PlyCount "104"]
[EventDate "1994.??.??"]
[EventType "tourn"]
[EventRounds "19"]
[EventCountry "IND"]
[EventCategory "5"]
[SourceTitle "CBM 041 Extra"]
[Source "ChessBase"]
[SourceDate "1994.09.01"]
[SourceVersion "1"]
[SourceVersionDate "1994.09.01"]
[SourceQuality "1"]

1. d4 Nf6 2. c4 g6 3. Nc3 Bg7 4. e4 0-0 5. f3 d6 6. Be3 a6 7. Qd2 Nbd7 8. Bd3 c5 9. Nge2 e6 10. 0-0 Re8 11. Rad1 cxd4 12. Bxd4 Ne5 13. b3 Bd7 14. a4 Bc6 15. Bb1 Qc7 16. Bf2 Rad8 17. Nd4 d5 18. exd5 exd5 19. c5 a5 20. Ncb5 Bxb5 21. Nxb5 Qb8 22. Rfe1 Nc6 23. Bg3 Rxe1+ 24. Rxe1 Qc8 25. Nd6 Qa8 26. Kh1 Qa7 27. Bf2 d4 28. Qd3 b6 29. Nb5 Qa6 30. cxb6 Qxb6 31. Qc4 Nd7 32. f4 Qc5 33. Be4 Nb4 34. Nxd4 Qxc4 35. bxc4 Nc5 36. Nf3 Nxe4 37. Rxe4 Rd1+ 38. Ng1 Nd3 39. Re8+ Bf8 40. Bb6 f6 41. g3 Kf7 42. Rd8 Bb4 43. Rd5 Ke6 44. Kg2 Ne1+ 45. Kf1 Rxd5 46. cxd5+ Kxd5 47. Ne2 Ke4 48. Nd4 Nd3 49. Nc6 Nb2 50. Bxa5 Bxa5 51. Nxa5 Ke3 52. Nb7 Nxa4 1/2-1/2

[Event "IND-ch"]
[Site "India"]
[Date "1994.??.??"]
[Round "4"]
[White "Soman, Satchidanand"]
[Black "Ravi, Thandalam Shanmugam"]
[Result "0-1"]
[WhiteElo "2320"]
[BlackElo "2340"]
[PlyCount "100"]
[EventDate "1994.??.??"]
[EventType "tourn"]
[EventRounds "19"]
[EventCountry "IND"]
[EventCategory "5"]
[SourceTitle "CBM 041 Extra"]
[Source "ChessBase"]
[SourceDate "1994.09.01"]
[SourceVersion "1"]
[SourceVersionDate "1994.09.01"]
[SourceQuality "1"]

1. d4 Nf6 2. c4 e6 3. Nc3 Bb4 4. e3 c5 5. a3 Bxc3+ 6. bxc3 0-0 7. Bd3 Nc6 8. Ne2 b6 9. 0-0 Ba6 10. e4 Ne8 11. f4 f5 12. Be3 fxe4 13. Bxe4 Bxc4 14. dxc5 Nf6 15. Bf3 Nd5 16. Bxd5 Bxd5 17. Ng3 Qf6 18. Qd3 Na5 19. Rfe1 bxc5 20. Bxc5 Rf7 21. f5 Nb3 22. Bd4 Nxd4 23. Qxd4 Qxd4+ 24. cxd4 Rb8 25. Rab1 Rff8 26. fxe6 dxe6 27. Ne2 Rxb1 28. Rxb1 Rc8 29. Rc1 Rxc1+ 30. Nxc1 Kf7 31. Nd3 Kf6 32. Kf2 Kf5 33. Nc5 e5 34. dxe5 Kxe5 35. g3 Kd4 36. Na6 Kc4 37. Ke3 Kb3 38. Kd4 Bf7 39. Nc7 a5 40. Nb5 a4 41. h4 Be8 42. Nd6 Bd7 43. Nc4 Be6 44. Nd2+ Kxa3 45. Kc3 h5 46. Nb1+ Ka2 47. Nd2 Bb3 48. Nf3 Kb1 49. Ne5 a3 50. Nf3 Bd5 0-1

[Event "IND-ch"]
[Site "India"]
[Date "1994.??.??"]
[Round "5"]
[White "Thipsay, Praveen Mahadeo"]
[Black "Soman, Satchidanand"]
[Result "1-0"]
[WhiteElo "2475"]
[BlackElo "2320"]
[PlyCount "92"]
[EventDate "1994.??.??"]
[EventType "tourn"]
[EventRounds "19"]
[EventCountry "IND"]
[EventCategory "5"]
[SourceTitle "CBM 041 Extra"]
[Source "ChessBase"]
[SourceDate "1994.09.01"]
[SourceVersion "1"]
[SourceVersionDate "1994.09.01"]
[SourceQuality "1"]

1. e4 c6 2. d4 d5 3. Nd2 dxe4 4. Nxe4 Bf5 5. Ng3 Bg6 6. Nf3 Nd7 7. h4 h6 8. h5 Bh7 9. Bd3 Bxd3 10. Qxd3 Qc7 11. Bd2 e6 12. Ne4 Ngf6 13. 0-0-0 0-0-0 14. g3 Nxe4 15. Qxe4 Bd6 16. c4 c5 17. d5 Nf6 18. Qc2 exd5 19. cxd5 Nd7 20. Bc3 f6 21. Rhe1 Rhe8 22. Rxe8 Rxe8 23. Qg6 Re7 24. Nh4 Ne5 25. Bxe5 Bxe5 26. Nf5 Rd7 27. f4 Bd4 28. Nxd4 cxd4+ 29. Kb1 Qd8 30. Qf5 Qe8 31. a3 Qe3 32. d6 Kd8 33. Qd5 Qe8 34. Rxd4 Kc8 35. f5 Kb8 36. Re4 Qd8 37. Re6 a6 38. Qd4 Qc8 39. Qb6 Qf8 40. Qe3 Qc8 41. g4 a5 42. Re8 Rd8 43. Rxd8 Qxd8 44. Qe7 Kc8 45. Kc2 b5 46. Kb3 Qd7 1-0